000 00339 a2200157 4500
001 173992
020 _a
040 _cMagnum
100 _aFaria, Ana Lucia G. de
240 1 0 _aIdeologia no livro didatico
_lpor
245 1 0 _aIdeologia no livro didatico
362 0 _a1899
440 1 _aCortez
697 _aSOCIOLOGIA
942 _cBK
999 _c173992
_d173992